Po vstupe do EÚ sú balíky rýchlejšie

Bibliographic Details
Format: Article
Language:Slovak
PhysicalDescription:Fotogr.
ISSN:1336-393X
Subjects:

MARC

LEADER 00000nab a2200000 a 4500
001 vtls008411011
003 SK-MaSNL
005 20260426083429.0
008 250505c2005 xo mr|p|||||||000 b|slo
015 |a SNBRB2005/11  |2 snkbucl 
035 |a urn:nbn:sk:snk-ab8bot 
035 |a (urnnbn)urn:nbn:sk:snk:ar-a07ue0 
035 |a (uuid)a1372541-ecf6-4e9c-9b7c-471345acf382 
038 |a SNKBUCL 
040 |a SNKBUCL  |b slo  |c SNKBUCL  |e AACR2 
041 0 |a slo 
044 |a xo  |c SK 
080 |a 656.96  |x (437.6)  |2 1997 
080 |a 656.8  |x (437.6)  |2 1997 
245 0 0 |a Po vstupe do EÚ sú balíky rýchlejšie  |c [rozhovor s] Petrom Červeňom [pripravil] (JV) 
300 |b Fotogr. 
610 2 7 |a Direct Parcel Distribution SK (Slovensko)  |2 snkbucl  |9 1451341 
650 0 7 |a zasielateľstvo  |2 snkbucl  |9 14521 
651 7 |a Slovensko  |2 snkbucl  |9 14231 
773 0 |t Eurobiznis  |g September (2005), s. 1  |x 1336-393X 
850 |a Slovenská národná knižnica 
852 |a Slovenská národná knižnica 
954 |a odborná, vedecká literatúra pôvodná (slovenská)  |2 lita 
958 |a article9 
958 |a OND 
958 |a EUIPO 
999 |c 2904588  |d 2906518